000 01112nac a22003017a 4500
001 BR8800938
003 BR-BrBNA
005 20240105120714.0
008 230509b bl.|||m| |||| 00| 0 por d
040 _aBR-BrBNA
_bpor
_cBiblioteca Nacional de Agricultura
072 _aF08
090 _a1410 BR8800938
100 1 _aSerpa, J.E.S.
100 1 _aCarvalho, H.W.L. de
100 1 _aRego, I.C.
110 1 _aCentro Nacional de Pesquisa de Coco, Aracaju, SE (Brasil)
_91760
245 1 _aAvaliacao de cultivares de feijao nos sistemas em monocultivo e consorciado com o milho. I - Ensaios preliminares de rendimento, 1985
246 1 _a[Evalluation of kidney beans cultivars in multiple cropping with maize I. Preliminary yield essay, 1985]
260 3 _aAracaju, SE (Brasil):
_c1987.
300 _a7 p.
490 _aPesquisa em Andamento - Centro Nacional de Pesquisa de Coco (Brazil)
_vno. 40
_xISSN 0101-7357
650 _aFEIJAO
650 _aMILHO
650 _aCONSORCIACAO DE CULTURA
650 _aMONOCULTURA
909 _a202312
_bLúcia Elande
_c55
_dLúcia Elande
942 _2AGRIS
_n0
_cMS
999 _c280992
_d280992